<?xml version="1.0" encoding="UTF-8"?>
<record
    xmlns:xsi="http://www.w3.org/2001/XMLSchema-instance"
    xsi:schemaLocation="http://www.loc.gov/MARC21/slim http://www.loc.gov/standards/marcxml/schema/MARC21slim.xsd"
    xmlns="http://www.loc.gov/MARC21/slim">

  <leader>00745nam a2200217Ia 4500</leader>
  <controlfield tag="003">LK-CoDNM</controlfield>
  <controlfield tag="005">20241128123428.0</controlfield>
  <controlfield tag="008">010623t1965    xxu||||| |||| 00| 1 sin d</controlfield>
  <datafield tag="040" ind1=" " ind2=" ">
    <subfield code="a">LK-CoDNM</subfield>
    <subfield code="d">LK-CoDNM</subfield>
    <subfield code="e">LK-CoDNM</subfield>
  </datafield>
  <datafield tag="041" ind1=" " ind2=" ">
    <subfield code="a">sin</subfield>
  </datafield>
  <datafield tag="080" ind1=" " ind2=" ">
    <subfield code="a">294.32</subfield>
    <subfield code="b">GAN</subfield>
  </datafield>
  <datafield tag="100" ind1=" " ind2=" ">
    <subfield code="a">&#xDB4;&#xDAB;&#xDCA;&#xDA9;&#xDD2;&#xDAD; &#xDC0;&#xDD0;&#xDBD;&#xDD2;&#xD9C;&#xDB8; &#xDA4;&#xDCF;&#xDAB;&#xDBB;&#xDAD;&#xDB1; &#xDC4;&#xDD2;&#xDB8;&#xDD2;</subfield>
  </datafield>
  <datafield tag="245" ind1=" " ind2=" ">
    <subfield code="a">&#xDAF;&#xDB8;&#xDCA;&#xDC3;&#xD9A;&#xDCA; &#xDB4;&#xDD0;&#xDC0;&#xDAD;&#xDD4;&#xDB8;&#xDCA; &#xDC3;&#xDD6;&#xDAD;&#xDCA;&#x200D;&#xDBB; &#xDC0;&#xDD2;&#xDC3;&#xDCA;&#xDAD;&#xDBB;&#xDBA;-1965</subfield>
  </datafield>
  <datafield tag="246" ind1=" " ind2=" ">
    <subfield code="a">Damsak Pawatum Sutra Vistaraya</subfield>
  </datafield>
  <datafield tag="260" ind1=" " ind2=" ">
    <subfield code="b">&#xDB6;&#xDDE;&#xDAF;&#xDCA;&#xDB0; &#xD9C;&#xDCA;&#x200D;&#xDBB;&#xDB1;&#xDCA;&#xDAE; &#xDB4;&#xDCA;&#x200D;&#xDBB;&#xD9A;&#xDCF;&#xDC1;&#xDB1; &#xDC3;&#xDB8;&#xDD2;&#xDAD;&#xDD2;&#xDBA;</subfield>
    <subfield code="a">&#xDB8;&#xDC4;&#xDB1;&#xDD4;&#xDC0;&#xDBB;</subfield>
    <subfield code="c">1965</subfield>
  </datafield>
  <datafield tag="300" ind1=" " ind2=" ">
    <subfield code="b">56p. ; 18 cm</subfield>
  </datafield>
  <datafield tag="500" ind1=" " ind2=" ">
    <subfield code="a">Damsak PothNo.31 / 32</subfield>
  </datafield>
  <datafield tag="650" ind1=" " ind2=" ">
    <subfield code="a">Buddhism</subfield>
  </datafield>
  <datafield tag="650" ind1=" " ind2=" ">
    <subfield code="a">1965</subfield>
  </datafield>
  <datafield tag="942" ind1=" " ind2=" ">
    <subfield code="c">BK</subfield>
  </datafield>
  <datafield tag="952" ind1=" " ind2=" ">
    <subfield code="0">0</subfield>
    <subfield code="1">0</subfield>
    <subfield code="4">1</subfield>
    <subfield code="7">0</subfield>
    <subfield code="8">OBC</subfield>
    <subfield code="a">MAIN</subfield>
    <subfield code="b">MAIN</subfield>
    <subfield code="c">REF</subfield>
    <subfield code="d">2024-11-27</subfield>
    <subfield code="l">0</subfield>
    <subfield code="o">294.32 GAN</subfield>
    <subfield code="p">OB9032</subfield>
    <subfield code="r">2024-11-28</subfield>
    <subfield code="w">2024-11-28</subfield>
    <subfield code="y">BK</subfield>
  </datafield>
  <datafield tag="999" ind1=" " ind2=" ">
    <subfield code="c">106919</subfield>
    <subfield code="d">106919</subfield>
  </datafield>
</record>
